| 000 | 00915nam a2200253 a 4500 | ||
|---|---|---|---|
| 005 | 20240424063739.0 | ||
| 008 | 030307m19952000mx r 000 0 spa d | ||
| 020 | _a9706513612 | ||
| 035 | _aUPN01000122636 | ||
| 049 | _aCG | ||
| 050 | 4 |
_aHQ743 _bG7.48 |
|
| 100 | 1 |
_aGray, John, _d1948- _935015 |
|
| 245 | 1 | 3 |
_aLos hombres son de Marte, las mujeres son de Venus / _cJohn Gray ; tr. Alejandro Tiscornia. |
| 260 |
_aMéxico : _bOcéano, _cc1995 (2000 impr.). |
||
| 300 | _a324 p. | ||
| 440 | 0 |
_aPara estar en el mundo. _pPara estar bien |
|
| 534 |
_pTraducción de: _tMen are from Mars, women are from Venus |
||
| 500 | _a"Una guía práctica para mejorar la comunicación y obtener lo que usted desea de su pareja" | ||
| 650 | 4 |
_aMatrimonio _95341 |
|
| 650 | 0 |
_aRelación hombre-mujer _91566 |
|
| 650 | 4 |
_aCOMUNICACION EN EL MATRIMONIO _99557 |
|
| 856 | 4 | 0 | _uhttp://www.marsvenus.com/index.php |
| 905 | _aLibro | ||
| 999 |
_c94821 _d94821 |
||